000 00301nam a2200133Ia 4500
008 191201s2018 xx 000 0 und d
020 _a9781107439825
100 _aBRASS,Peter
245 0 _aAdvanced Data Structures
260 _bCombridge
_c2018
300 _a456
650 _aMCA
942 _2ddc
_cBK
999 _c6986
_d6986